[Event "Moscow_Open_19_TurnirA"]
[Site "?"]
[Date "2019.01.29"]
[Round "4.10"]
[White "Korneev, Oleg"]
[Black "Babarykin, Stanislav"]
[Result "1/2-1/2"]
[BlackElo "2411"]
[WhiteElo "2545"]
[LiveChessVersion "1.4.8"]

1. e4 {[%clk 1:21:38]} e5 {[%clk 1:30:46]} 2. Nf3 {[%clk 1:14:16]} Nf6
{[%clk 1:31:16]} 3. d4 {[%clk 1:14:39]} Nxe4 {[%clk 1:31:33]} 4. Bd3
{[%clk 1:14:48]} d5 {[%clk 1:32:02]} 5. dxe5 {[%clk 1:14:00]} Be7
{[%clk 1:32:15]} 6. O-O {[%clk 1:14:18]} O-O {[%clk 1:31:33]} 7. Nc3
{[%clk 1:10:07]} Nxc3 {[%clk 1:29:57]} 8. bxc3 {[%clk 1:10:34]} c5
{[%clk 1:29:52]} 9. c4 {[%clk 1:09:16]} dxc4 {[%clk 1:20:18]} 10. Bxc4
{[%clk 1:09:43]} Qxd1 {[%clk 1:19:55]} 11. Rxd1 {[%clk 1:08:40]} Nc6
{[%clk 1:16:13]} 12. Bd5 {[%clk 1:07:09]} Be6 {[%clk 0:48:00]} 13. c4
{[%clk 1:01:27]} Rad8 {[%clk 0:36:27]} 14. Be3 {[%clk 0:50:04]} Nb4
{[%clk 0:19:38]} 15. Bxe6 {[%clk 0:48:42]} fxe6 {[%clk 0:19:50]} 16. Ng5
{[%clk 0:48:32]} Bxg5 {[%clk 0:10:19]} 17. Bxg5 {[%clk 0:48:32]} Rxd1+
{[%clk 0:10:46]} 18. Rxd1 {[%clk 0:48:53]} Nc6 {[%clk 0:11:14]} 19. Be3
{[%clk 0:30:15]} b6 {[%clk 0:10:47]} 20. f4 {[%clk 0:28:13]} g5 {[%clk 0:08:26]}
21. g3 {[%clk 0:20:25]} gxf4 {[%clk 0:04:52]} 22. Bxf4 {[%clk 0:20:48]} Rd8
{[%clk 0:05:10]} 23. Rxd8+ {[%clk 0:15:45]} Nxd8 {[%clk 0:05:39]} 24. Kf2
{[%clk 0:16:08]} Kf7 {[%clk 0:02:49]} 25. g4 {[%clk 0:15:49]} Kg6
{[%clk 0:02:58]} 26. Ke3 {[%clk 0:13:55]} Nc6 {[%clk 0:02:38]} 27. Ke4
{[%clk 0:12:35]} Na5 {[%clk 0:02:22]} 28. Kd3 {[%clk 0:13:02]} Nc6
{[%clk 0:02:18]} 29. Ke4 {[%clk 0:13:10]} Na5 {[%clk 0:01:38]} 30. Kd3
{[%clk 0:13:33]} Nc6 {[%clk 0:02:05]} 1/2-1/2

[Event "Moscow_Open_19_TurnirA"]
[Site "?"]
[Date "2019.01.29"]
[Round "4.11"]
[White "Soumya, Swaminathan"]
[Black "Iljiushenok, Ilia"]
[Result "1/2-1/2"]
[BlackElo "2533"]
[WhiteElo "2416"]
[LiveChessVersion "1.4.8"]

1. e4 {[%clk 1:29:54]} c6 {[%clk 1:29:50]} 2. d4 {[%clk 1:30:08]} d5
{[%clk 1:30:15]} 3. e5 {[%clk 1:30:29]} c5 {[%clk 1:30:40]} 4. dxc5
{[%clk 1:29:50]} e6 {[%clk 1:31:05]} 5. a3 {[%clk 1:29:43]} Nc6 {[%clk 1:31:27]}
6. Nf3 {[%clk 1:27:08]} Bxc5 {[%clk 1:31:51]} 7. b4 {[%clk 1:26:41]} Bb6
{[%clk 1:32:17]} 8. Bb2 {[%clk 1:25:45]} Nge7 {[%clk 1:31:56]} 9. Bd3
{[%clk 1:24:38]} Ng6 {[%clk 1:32:14]} 10. O-O {[%clk 1:13:35]} Nf4
{[%clk 1:32:26]} 11. Re1 {[%clk 1:12:38]} Nxd3 {[%clk 1:27:55]} 12. Qxd3
{[%clk 1:13:03]} O-O {[%clk 1:25:18]} 13. Nbd2 {[%clk 1:12:35]} Bd7
{[%clk 1:11:54]} 14. Rad1 {[%clk 1:00:40]} Ne7 {[%clk 1:06:05]} 15. c4
{[%clk 0:56:11]} Ba4 {[%clk 1:04:28]} 16. Rc1 {[%clk 0:52:59]} dxc4
{[%clk 1:00:37]} 17. Qe4 {[%clk 0:45:30]} Bc6 {[%clk 0:53:23]} 18. Qxc4
{[%clk 0:43:52]} Rc8 {[%clk 0:52:52]} 19. Qg4 {[%clk 0:40:05]} Qd3
{[%clk 0:47:50]} 20. Qg5 {[%clk 0:26:45]} Nf5 {[%clk 0:40:46]} 21. Rc3
{[%clk 0:26:06]} Qd7 {[%clk 0:40:02]} 22. Qf4 {[%clk 0:08:36]} Bxf3
{[%clk 0:18:39]} 23. Nxf3 {[%clk 0:08:28]} Rxc3 {[%clk 0:19:04]} 24. Bxc3
{[%clk 0:08:50]} Rc8 {[%clk 0:19:29]} 25. Qd2 {[%clk 0:07:09]} Qxd2
{[%clk 0:15:17]} 26. Bxd2 {[%clk 0:07:36]} Nd4 {[%clk 0:12:46]} 27. Nxd4
{[%clk 0:06:00]} Bxd4 {[%clk 0:13:13]} 28. Kf1 {[%clk 0:06:14]} Rc2
{[%clk 0:06:17]} 29. Be3 {[%clk 0:06:09]} Bxe3 {[%clk 0:04:07]} 30. Rxe3
{[%clk 0:06:36]} Kf8 {[%clk 0:04:28]} 31. h4 {[%clk 0:04:53]} Rc4
{[%clk 0:03:31]} 32. g3 {[%clk 0:04:41]} Ke7 {[%clk 0:03:38]} 33. Ke2
{[%clk 0:03:01]} Rc2+ {[%clk 0:03:57]} 34. Kf3 {[%clk 0:02:31]} Kd7
{[%clk 0:02:41]} 35. Rd3+ {[%clk 0:02:58]} Kc7 {[%clk 0:02:41]} 36. Ke3
{[%clk 0:03:16]} h5 {[%clk 0:02:45]} 37. f3 {[%clk 0:01:48]} Rc4 {[%clk 0:01:29]}
38. Rd4 {[%clk 0:01:46]} Rc3+ {[%clk 0:01:07]} 39. Rd3 {[%clk 0:02:12]} Rc4
{[%clk 0:01:13]} 40. Rd4 {[%clk 0:32:40]} Rc3+ {[%clk 0:30:46]} 41. Rd3
{[%clk 0:33:09]} Rc4 {[%clk 0:28:32]} 1/2-1/2

[Event "Moscow_Open_19_TurnirA"]
[Site "?"]
[Date "2019.01.29"]
[Round "4.12"]
[White "Afanasiev, Nikita"]
[Black "Suleymenov, Alisher"]
[Result "1-0"]
[BlackElo "2404"]
[WhiteElo "2508"]
[LiveChessVersion "1.4.8"]

1. e4 {[%clk 1:18:52]} e6 {[%clk 1:30:42]} 2. d4 {[%clk 1:19:13]} d5
{[%clk 1:31:07]} 3. Nc3 {[%clk 1:19:34]} Bb4 {[%clk 1:31:32]} 4. exd5
{[%clk 1:19:55]} exd5 {[%clk 1:31:57]} 5. Bd3 {[%clk 1:20:19]} Nf6
{[%clk 1:32:18]} 6. Nge2 {[%clk 1:20:33]} O-O {[%clk 1:32:03]} 7. a3
{[%clk 1:20:21]} Bd6 {[%clk 1:19:46]} 8. Bg5 {[%clk 1:19:20]} c6 {[%clk 1:19:56]}
9. Qd2 {[%clk 1:16:45]} Re8 {[%clk 1:12:41]} 10. O-O-O {[%clk 1:11:15]} Nbd7
{[%clk 0:53:17]} 11. Ng3 {[%clk 0:52:59]} Nf8 {[%clk 0:53:18]} 12. Nf5
{[%clk 0:43:20]} Bxf5 {[%clk 0:51:44]} 13. Bxf5 {[%clk 0:43:46]} b5
{[%clk 0:51:33]} 14. Rhe1 {[%clk 0:40:33]} Rxe1 {[%clk 0:51:11]} 15. Rxe1
{[%clk 0:40:24]} b4 {[%clk 0:44:17]} 16. axb4 {[%clk 0:35:32]} Bxb4
{[%clk 0:44:32]} 17. Qd3 {[%clk 0:35:19]} Rb8 {[%clk 0:38:54]} 18. Re2
{[%clk 0:31:34]} Bd6 {[%clk 0:15:59]} 19. Qa6 {[%clk 0:24:05]} h6
{[%clk 0:12:31]} 20. Bd2 {[%clk 0:23:00]} Qc7 {[%clk 0:10:41]} 21. Na4
{[%clk 0:18:43]} Bf4 {[%clk 0:08:35]} 22. g3 {[%clk 0:18:31]} Bxd2+
{[%clk 0:09:03]} 23. Kxd2 {[%clk 0:18:53]} g6 {[%clk 0:07:14]} 24. Bd3
{[%clk 0:18:46]} Ne6 {[%clk 0:07:33]} 25. c3 {[%clk 0:18:36]} Ng5
{[%clk 0:07:52]} 26. Kc2 {[%clk 0:16:05]} Nfe4 {[%clk 0:01:29]} 27. f4
{[%clk 0:13:48]} Ne6 {[%clk 0:01:38]} 28. Bxe4 {[%clk 0:14:04]} dxe4
{[%clk 0:02:06]} 29. Rxe4 {[%clk 0:14:25]} Rb5 {[%clk 0:01:17]} 30. Re5
{[%clk 0:08:57]} Qd7 {[%clk 0:01:47]} 31. b4 {[%clk 0:05:21]} Nxd4+
{[%clk 0:01:05]} 32. cxd4 {[%clk 0:05:30]} Rxb4 {[%clk 0:01:34]} 33. Nc3
{[%clk 0:04:53]} Rxd4 {[%clk 0:00:46]} 34. Qe2 {[%clk 0:04:13]} Kg7
{[%clk 0:00:45]} 35. Rc5 {[%clk 0:03:21]} Kh7 {[%clk 0:00:51]} 36. Qe3
{[%clk 0:02:36]} Rb4 {[%clk 0:00:53]} 37. Re5 {[%clk 0:02:16]} Qh3
{[%clk 0:00:40]} 38. Qxa7 {[%clk 0:02:24]} Kg7 {[%clk 0:00:35]} 39. Qc5
{[%clk 0:02:28]} Rb8 {[%clk 0:00:34]} 40. Re2 {[%clk 0:32:48]} Rc8
{[%clk 0:30:39]} 41. Qe5+ {[%clk 0:33:05]} Kg8 {[%clk 0:29:05]} 42. Qf6 Qf1 43.
Qd4 {[%clk 0:21:42]} Ra8 {[%clk 0:25:19]} 44. Qc4 {[%clk 0:22:01]} Kg7
{[%clk 0:23:05]} 45. Qd4+ {[%clk 0:20:27]} Kg8 {[%clk 0:23:11]} 46. Qd3
{[%clk 0:19:19]} Qa1 {[%clk 0:18:23]} 47. Qd7 {[%clk 0:18:57]} Ra7
{[%clk 0:14:22]} 48. Qd1 {[%clk 0:13:39]} Qa5 {[%clk 0:10:54]} 49. Re8+
{[%clk 0:13:41]} Kh7 {[%clk 0:10:15]} 50. Qd4 {[%clk 0:14:03]} Qf5+
{[%clk 0:10:05]} 51. Kd2 {[%clk 0:14:17]} Rd7 {[%clk 0:10:10]} 52. Rh8#
{[%clk 0:14:42]} 1-0

[Event "Moscow_Open_19_TurnirA"]
[Site "?"]
[Date "2019.01.29"]
[Round "4.14"]
[White "Golubov, Saveliy"]
[Black "Bykov, Oleg"]
[Result "1/2-1/2"]
[BlackElo "2395"]
[WhiteElo "2482"]
[LiveChessVersion "1.4.8"]

1. c4 {[%clk 1:28:27]} Nf6 {[%clk 1:30:38]} 2. Nc3 {[%clk 1:28:41]} e5
{[%clk 1:27:55]} 3. Nf3 {[%clk 1:25:16]} Nc6 {[%clk 1:28:19]} 4. e3
{[%clk 1:25:37]} Bb4 {[%clk 1:14:53]} 5. Qc2 {[%clk 1:25:51]} O-O
{[%clk 1:13:46]} 6. Nd5 {[%clk 1:24:02]} Re8 {[%clk 1:12:36]} 7. Ng5
{[%clk 0:57:33]} e4 {[%clk 1:03:45]} 8. Nxb4 {[%clk 0:46:25]} Nxb4
{[%clk 1:04:07]} 9. Qb3 {[%clk 0:46:32]} a5 {[%clk 0:53:24]} 10. a3
{[%clk 0:44:10]} Na6 {[%clk 0:53:32]} 11. d4 {[%clk 0:34:11]} exd3
{[%clk 0:53:54]} 12. Bxd3 {[%clk 0:33:56]} Nc5 {[%clk 0:53:45]} 13. Qc2
{[%clk 0:33:56]} Nxd3+ {[%clk 0:53:22]} 14. Qxd3 {[%clk 0:34:25]} h6
{[%clk 0:52:01]} 15. Nf3 {[%clk 0:30:34]} d5 {[%clk 0:50:11]} 16. cxd5
{[%clk 0:28:31]} b6 {[%clk 0:49:22]} 17. Bd2 {[%clk 0:24:43]} Ba6
{[%clk 0:47:58]} 18. Qc2 {[%clk 0:24:17]} Qxd5 {[%clk 0:47:26]} 19. Bc3
{[%clk 0:24:46]} Ne4 {[%clk 0:36:06]} 20. Rd1 {[%clk 0:24:29]} Qe6
{[%clk 0:30:15]} 21. Be5 {[%clk 0:21:25]} Qg4 {[%clk 0:21:05]} 22. Rd4
{[%clk 0:21:23]} f5 {[%clk 0:15:57]} 23. Rg1 {[%clk 0:15:59]} Rad8
{[%clk 0:12:43]} 24. Qc6 {[%clk 0:16:01]} Kh7 {[%clk 0:08:22]} 25. h3
{[%clk 0:14:05]} Qg6 {[%clk 0:08:51]} 26. Qxg6+ {[%clk 0:13:54]} Kxg6
{[%clk 0:09:20]} 27. g4 {[%clk 0:14:22]} Rxd4 {[%clk 0:08:29]} 28. Bxd4
{[%clk 0:13:55]} f4 {[%clk 0:04:49]} 29. h4 {[%clk 0:08:51]} c5 {[%clk 0:03:57]}
30. Be5 {[%clk 0:08:44]} fxe3 {[%clk 0:04:16]} 31. fxe3 {[%clk 0:09:12]} Rd8
{[%clk 0:02:09]} 32. h5+ {[%clk 0:08:50]} Kf7 {[%clk 0:01:44]} 33. g5
{[%clk 0:08:46]} Rd3 {[%clk 0:02:09]} 34. Bf4 {[%clk 0:08:56]} Rb3
{[%clk 0:02:23]} 35. Rg2 {[%clk 0:08:13]} hxg5 {[%clk 0:01:46]} 36. Nxg5+
{[%clk 0:05:32]} Nxg5 {[%clk 0:02:43]} 37. Bxg5 {[%clk 0:05:57]} Rd3
{[%clk 0:02:58]} 38. Rf2+ {[%clk 0:06:09]} Kg8 {[%clk 0:03:03]} 39. Rd2
{[%clk 0:36:31]} Rxd2 {[%clk 0:33:28]} 40. Kxd2 {[%clk 0:37:00]} a4
{[%clk 0:33:32]} 1/2-1/2

[Event "Moscow_Open_19_TurnirA"]
[Site "?"]
[Date "2019.01.30"]
[Round "5.1"]
[White "Pridorozhni, Aleksei"]
[Black "Mozharov, Mikhail"]
[Result "1/2-1/2"]
[BlackElo "2549"]
[WhiteElo "2568"]
[LiveChessVersion "1.4.8"]

1. e4 {[%clk 1:23:29]} c5 {[%clk 1:30:53]} 2. Nf3 {[%clk 1:23:47]} Nc6
{[%clk 1:31:14]} 3. Bb5 {[%clk 1:23:42]} g6 {[%clk 1:31:34]} 4. O-O
{[%clk 1:23:21]} Bg7 {[%clk 1:32:00]} 5. Re1 {[%clk 1:23:44]} Nf6
{[%clk 1:31:57]} 6. c3 {[%clk 1:23:47]} O-O {[%clk 1:31:55]} 7. h3
{[%clk 1:24:13]} Qb6 {[%clk 1:25:29]} 8. Na3 {[%clk 1:18:46]} d5 {[%clk 1:23:57]}
9. e5 {[%clk 1:17:24]} Ne8 {[%clk 1:23:03]} 10. d3 {[%clk 1:09:29]} Nc7
{[%clk 1:22:00]} 11. Ba4 {[%clk 1:08:08]} Ne6 {[%clk 1:19:24]} 12. Rb1
{[%clk 1:04:08]} Rd8 {[%clk 1:08:09]} 13. b4 {[%clk 0:58:33]} cxb4
{[%clk 1:06:31]} 14. cxb4 {[%clk 0:53:09]} a5 {[%clk 0:56:39]} 15. Bxc6
{[%clk 0:39:24]} bxc6 {[%clk 0:52:15]} 16. b5 {[%clk 0:39:39]} Bd7
{[%clk 0:41:52]} 17. Be3 {[%clk 0:26:22]} d4 {[%clk 0:41:25]} 18. bxc6
{[%clk 0:24:03]} Qxc6 {[%clk 0:41:03]} 19. Bd2 {[%clk 0:23:19]} Qa6
{[%clk 0:40:05]} 20. Nc4 {[%clk 0:21:58]} Bb5 {[%clk 0:29:54]} 21. Bxa5
{[%clk 0:22:13]} Rdc8 {[%clk 0:28:37]} 22. Bb4 {[%clk 0:22:21]} Bxc4
{[%clk 0:28:14]} 23. dxc4 {[%clk 0:22:47]} Qxa2 {[%clk 0:24:35]} 24. Bxe7
{[%clk 0:22:07]} Qxc4 {[%clk 0:22:03]} 25. Rb4 {[%clk 0:21:09]} Qd5
{[%clk 0:20:57]} 26. Qb3 {[%clk 0:16:55]} Ra5 {[%clk 0:19:17]} 27. Qxd5
{[%clk 0:13:57]} Rxd5 {[%clk 0:19:27]} 28. Rb6 {[%clk 0:14:23]} Ra8
{[%clk 0:16:09]} 29. Rd6 {[%clk 0:09:00]} Raa5 {[%clk 0:14:46]} 30. g3
{[%clk 0:09:02]} h6 {[%clk 0:12:59]} 31. h4 {[%clk 0:08:55]} Rdb5
{[%clk 0:09:33]} 32. Rd7 {[%clk 0:04:05]} Bxe5 {[%clk 0:06:24]} 33. Nxe5
{[%clk 0:04:26]} Rxe5 {[%clk 0:06:51]} 34. Rxe5 {[%clk 0:04:49]} Rxe5
{[%clk 0:07:19]} 35. Bf6 {[%clk 0:05:14]} Rf5 {[%clk 0:07:13]} 36. Bxd4
{[%clk 0:05:35]} Nxd4 {[%clk 0:07:40]} 37. Rxd4 {[%clk 0:05:59]} h5
{[%clk 0:08:08]} 38. Kg2 {[%clk 0:06:22]} Kg7 {[%clk 0:08:36]} 39. Rd1
{[%clk 0:06:47]} Ra5 {[%clk 0:09:02]} 40. Rh1 {[%clk 0:37:12]} Ra8
{[%clk 0:39:29]} 1/2-1/2

[Event "Moscow_Open_19_TurnirA"]
[Site "?"]
[Date "2019.01.30"]
[Round "5.3"]
[White "Ponkratov, Pavel"]
[Black "Afanasiev, Nikita"]
[Result "1-0"]
[BlackElo "2508"]
[WhiteElo "2630"]
[LiveChessVersion "1.4.8"]

1. e4 {[%clk 1:30:58]} e5 {[%clk 1:30:54]} 2. Nf3 {[%clk 1:31:18]} Nc6
{[%clk 1:31:18]} 3. d4 {[%clk 1:31:33]} exd4 {[%clk 1:31:42]} 4. Nxd4
{[%clk 1:32:00]} Bc5 {[%clk 1:32:06]} 5. Nb3 {[%clk 1:31:45]} Bb6
{[%clk 1:32:29]} 6. Nc3 {[%clk 1:32:11]} Nf6 {[%clk 1:32:49]} 7. Bb5
{[%clk 1:31:55]} O-O {[%clk 1:32:40]} 8. Bg5 {[%clk 1:24:11]} h6 {[%clk 1:26:23]}
9. Bh4 {[%clk 1:23:10]} Ne5 {[%clk 1:08:33]} 10. O-O {[%clk 1:18:46]} c6
{[%clk 1:01:59]} 11. Bd3 {[%clk 1:19:10]} Ng6 {[%clk 0:46:56]} 12. Bg3
{[%clk 1:19:31]} d6 {[%clk 0:46:23]} 13. Kh1 {[%clk 1:18:52]} Re8
{[%clk 0:45:38]} 14. f4 {[%clk 1:07:39]} d5 {[%clk 0:38:52]} 15. e5
{[%clk 1:04:03]} Ng4 {[%clk 0:39:01]} 16. Qd2 {[%clk 1:04:25]} h5
{[%clk 0:29:13]} 17. Nd1 {[%clk 0:40:05]} Nh4 {[%clk 0:21:26]} 18. h3
{[%clk 0:32:09]} Nh6 {[%clk 0:21:17]} 19. Ne3 {[%clk 0:32:02]} N4f5
{[%clk 0:16:06]} 20. Nxf5 {[%clk 0:30:49]} Nxf5 {[%clk 0:15:07]} 21. Bf2
{[%clk 0:31:15]} Bxf2 {[%clk 0:13:44]} 22. Rxf2 {[%clk 0:30:27]} Qb6
{[%clk 0:12:17]} 23. Re1 {[%clk 0:29:42]} h4 {[%clk 0:09:05]} 24. Kh2
{[%clk 0:29:58]} c5 {[%clk 0:08:44]} 25. c3 {[%clk 0:27:51]} Qc6 {[%clk 0:07:32]}
26. Rf3 {[%clk 0:26:49]} b6 {[%clk 0:07:10]} 27. c4 {[%clk 0:24:23]} Rd8
{[%clk 0:06:22]} 28. cxd5 {[%clk 0:19:42]} Qxd5 {[%clk 0:05:14]} 29. Qc2
{[%clk 0:18:35]} Qe6 {[%clk 0:05:36]} 30. Be4 {[%clk 0:16:58]} Rb8
{[%clk 0:05:53]} 31. Rd3 {[%clk 0:17:21]} Re8 {[%clk 0:05:36]} 32. Qf2
{[%clk 0:12:10]} Ng3 {[%clk 0:01:51]} 33. Rd6 {[%clk 0:11:48]} Qe7
{[%clk 0:02:03]} 34. Nd2 {[%clk 0:11:57]} Bf5 {[%clk 0:02:21]} 35. Bd5
{[%clk 0:11:37]} Be6 {[%clk 0:02:32]} 36. Nf3 {[%clk 0:09:31]} Nf5
{[%clk 0:02:05]} 37. Ng5 {[%clk 0:09:51]} Bxd5 {[%clk 0:01:38]} 38. Rxd5
{[%clk 0:10:16]} Rbd8 {[%clk 0:01:31]} 39. e6 {[%clk 0:10:29]} Qxg5
{[%clk 0:31:10]} 40. fxg5 {[%clk 0:40:33]} Rxd5 41. Qf3 fxe6 {[%clk 0:30:07]} 42.
Rxe6 {[%clk 0:40:52]} Rxe6 {[%clk 0:30:30]} 43. Qxd5 {[%clk 0:41:18]} Nd4
{[%clk 0:30:56]} 44. g6 {[%clk 0:41:44]} Kf8 {[%clk 0:31:18]} 45. Qd8+
{[%clk 0:42:11]} Re8 {[%clk 0:31:40]} 46. Qxh4 {[%clk 0:42:37]} 1-0

[Event "Moscow_Open_19_TurnirA"]
[Site "?"]
[Date "2019.01.30"]
[Round "5.4"]
[White "Bryakin, Mikhail"]
[Black "Grachev, Boris"]
[Result "1/2-1/2"]
[BlackElo "2626"]
[WhiteElo "2426"]
[LiveChessVersion "1.4.8"]

1. d4 {[%clk 1:30:57]} d5 {[%clk 1:30:56]} 2. Nf3 {[%clk 1:31:20]} Nf6
{[%clk 1:31:16]} 3. c4 {[%clk 1:31:45]} e6 {[%clk 1:31:41]} 4. g3
{[%clk 1:32:07]} dxc4 {[%clk 1:30:53]} 5. Bg2 {[%clk 1:32:26]} Bd7
{[%clk 1:31:01]} 6. Ne5 {[%clk 1:32:34]} Bc6 {[%clk 1:31:25]} 7. Nxc6
{[%clk 1:32:48]} Nxc6 {[%clk 1:31:48]} 8. O-O {[%clk 1:32:57]} Qd7
{[%clk 1:32:06]} 9. e3 {[%clk 1:33:15]} Rd8 {[%clk 1:32:20]} 10. Qe2
{[%clk 1:33:38]} e5 {[%clk 1:32:02]} 11. Qxc4 {[%clk 1:34:01]} exd4
{[%clk 1:30:13]} 12. Qb5 {[%clk 1:33:45]} Rb8 {[%clk 1:29:29]} 13. Rd1
{[%clk 1:33:43]} a6 {[%clk 1:29:14]} 14. Qc4 {[%clk 1:33:23]} Bd6
{[%clk 1:28:21]} 15. exd4 {[%clk 1:33:33]} O-O {[%clk 1:27:05]} 16. Nc3
{[%clk 1:33:27]} h6 {[%clk 1:19:07]} 17. b3 {[%clk 1:32:35]} Ne7 {[%clk 1:13:36]}
18. Bb2 {[%clk 1:29:23]} Rfe8 {[%clk 1:10:27]} 19. a4 {[%clk 1:20:53]} Nc6
{[%clk 1:05:02]} 20. Nd5 {[%clk 1:11:30]} Nxd5 {[%clk 1:01:40]} 21. Qxd5
{[%clk 1:11:07]} Nb4 {[%clk 0:58:11]} 22. Qf3 {[%clk 1:02:10]} Qe6
{[%clk 0:52:05]} 23. Qc3 {[%clk 0:55:10]} Nd5 {[%clk 0:48:39]} 24. Qd2
{[%clk 0:45:43]} c6 {[%clk 0:47:10]} 25. Re1 {[%clk 0:44:29]} Qf5
{[%clk 0:42:48]} 26. Rxe8+ {[%clk 0:42:43]} Rxe8 {[%clk 0:43:12]} 27. Re1
{[%clk 0:42:56]} Re6 {[%clk 0:39:46]} 28. Rxe6 {[%clk 0:42:40]} Qxe6
{[%clk 0:37:29]} 29. Bf3 {[%clk 0:40:56]} Kf8 {[%clk 0:31:47]} 30. Qd3
{[%clk 0:37:24]} g6 {[%clk 0:25:11]} 31. Bc1 {[%clk 0:34:19]} Qe1+
{[%clk 0:24:59]} 32. Qf1 {[%clk 0:34:09]} Qxf1+ {[%clk 0:25:22]} 33. Kxf1
{[%clk 0:34:31]} h5 {[%clk 0:25:31]} 34. Bxd5 {[%clk 0:31:18]} cxd5
{[%clk 0:25:46]} 35. h3 {[%clk 0:31:14]} f5 {[%clk 0:20:11]} 36. Bg5
{[%clk 0:27:21]} Ke8 {[%clk 0:20:25]} 37. Ke2 {[%clk 0:24:07]} Kd7
{[%clk 0:20:01]} 38. Kd3 {[%clk 0:24:25]} Bb4 {[%clk 0:20:05]} 39. f3
{[%clk 0:23:05]} Kc6 {[%clk 0:19:33]} 40. g4 {[%clk 0:52:58]} fxg4
{[%clk 0:49:48]} 41. Ke4 1/2-1/2

[Event "Moscow_Open_19_TurnirA"]
[Site "?"]
[Date "2019.01.30"]
[Round "5.5"]
[White "Kokarev, Dmitry"]
[Black "Khanin, Semen"]
[Result "0-1"]
[BlackElo "2514"]
[WhiteElo "2605"]
[LiveChessVersion "1.4.8"]

1. c4 {[%clk 1:30:56]} Nf6 {[%clk 1:30:44]} 2. g3 {[%clk 1:31:19]} e5
{[%clk 1:30:18]} 3. Bg2 {[%clk 1:31:39]} c6 {[%clk 1:30:41]} 4. Nf3
{[%clk 1:31:58]} e4 {[%clk 1:31:03]} 5. Nd4 {[%clk 1:32:22]} d5 {[%clk 1:31:25]}
6. d3 {[%clk 1:32:46]} Bc5 {[%clk 1:26:58]} 7. Nb3 {[%clk 1:32:38]} Bb4+
{[%clk 1:27:17]} 8. Bd2 {[%clk 1:33:01]} Bxd2+ {[%clk 1:25:53]} 9. Qxd2
{[%clk 1:33:24]} dxc4 {[%clk 1:23:22]} 10. dxc4 {[%clk 1:33:47]} Qe7
{[%clk 1:23:36]} 11. Nc3 {[%clk 1:33:38]} O-O {[%clk 1:23:36]} 12. Rd1
{[%clk 1:33:13]} Re8 {[%clk 1:18:22]} 13. Qd6 {[%clk 1:33:00]} Qxd6
{[%clk 1:01:22]} 14. Rxd6 {[%clk 1:31:51]} Bf5 {[%clk 1:01:26]} 15. Nc5
{[%clk 1:28:55]} Nbd7 {[%clk 1:01:40]} 16. Nxb7 {[%clk 1:18:34]} Rab8
{[%clk 1:01:24]} 17. Na5 {[%clk 1:18:58]} Rxb2 {[%clk 1:01:43]} 18. Nxc6
{[%clk 1:19:14]} Re6 {[%clk 0:52:21]} 19. Rxe6 {[%clk 1:09:38]} Bxe6
{[%clk 0:52:15]} 20. Kd1 {[%clk 0:55:19]} Bxc4 {[%clk 0:45:44]} 21. Kc1
{[%clk 0:53:51]} Rb6 {[%clk 0:45:00]} 22. Nd4 {[%clk 0:49:04]} Nc5
{[%clk 0:40:20]} 23. Rd1 {[%clk 0:45:15]} g6 {[%clk 0:40:08]} 24. Nc2
{[%clk 0:44:19]} Rc6 {[%clk 0:31:56]} 25. Rd8+ {[%clk 0:41:11]} Kg7
{[%clk 0:32:21]} 26. Nd4 {[%clk 0:40:56]} Rc7 {[%clk 0:29:14]} 27. Kd2
{[%clk 0:35:44]} Nb7 {[%clk 0:27:34]} 28. Ra8 {[%clk 0:33:35]} Rd7
{[%clk 0:27:55]} 29. e3 {[%clk 0:33:41]} Nd6 {[%clk 0:28:07]} 30. Bh3
{[%clk 0:32:11]} Rb7 {[%clk 0:24:26]} 31. Rd8 {[%clk 0:32:17]} Rb6
{[%clk 0:24:51]} 32. Kc1 {[%clk 0:22:13]} Bd3 {[%clk 0:24:37]} 33. a4
{[%clk 0:19:41]} Nc4 34. Rc8 {[%clk 0:08:35]} Nd5 {[%clk 0:22:13]} 35. a5
{[%clk 0:07:43]} Rb4 {[%clk 0:16:20]} 36. Nc2 {[%clk 0:07:42]} Rb2
{[%clk 0:16:28]} 37. Ne1 {[%clk 0:07:42]} Nxc3 {[%clk 0:14:54]} 0-1

[Event "Moscow_Open_19_TurnirA"]
[Site "?"]
[Date "2019.01.30"]
[Round "5.6"]
[White "Timofeev, Artyom"]
[Black "Nazaretyan, Tigran"]
[Result "1-0"]
[BlackElo "2250"]
[WhiteElo "2592"]
[LiveChessVersion "1.4.8"]

1. e4 {[%clk 1:30:57]} c5 {[%clk 1:30:17]} 2. Nf3 {[%clk 1:31:20]} Nc6
{[%clk 1:30:24]} 3. d4 {[%clk 1:31:25]} cxd4 {[%clk 1:30:47]} 4. Nxd4
{[%clk 1:31:51]} Nf6 {[%clk 1:30:56]} 5. Nc3 {[%clk 1:32:13]} d6 {[%clk 1:30:37]}
6. Bg5 {[%clk 1:32:32]} e6 {[%clk 1:30:38]} 7. Qd2 {[%clk 1:32:53]} a6
{[%clk 1:31:02]} 8. O-O-O {[%clk 1:33:08]} Bd7 {[%clk 1:31:28]} 9. f3
{[%clk 1:33:09]} b5 {[%clk 1:29:48]} 10. h4 {[%clk 1:17:58]} Rc8 {[%clk 1:21:44]}
11. g4 {[%clk 1:14:48]} Ne5 {[%clk 1:20:04]} 12. Kb1 {[%clk 1:11:25]} Qb6
{[%clk 1:11:07]} 13. Qe1 {[%clk 1:02:13]} b4 {[%clk 1:00:33]} 14. Nce2
{[%clk 1:02:37]} h5 {[%clk 0:47:28]} 15. gxh5 {[%clk 1:01:34]} Rxh5
{[%clk 0:45:49]} 16. Ng3 {[%clk 1:00:11]} Rh8 {[%clk 0:44:52]} 17. Rh2
{[%clk 0:46:30]} a5 {[%clk 0:39:57]} 18. Rhd2 {[%clk 0:42:48]} a4
{[%clk 0:38:02]} 19. f4 {[%clk 0:36:43]} Neg4 {[%clk 0:27:28]} 20. Bh3
{[%clk 0:35:39]} Rc3 {[%clk 0:25:46]} 21. e5 {[%clk 0:31:38]} dxe5
{[%clk 0:08:27]} 22. fxe5 {[%clk 0:29:37]} Nxe5 {[%clk 0:07:55]} 23. Qxe5
{[%clk 0:22:23]} Bd6 {[%clk 0:07:43]} 24. Qe2 {[%clk 0:22:33]} Bxg3 25. Nf5
{[%clk 0:18:57]} Bxh4 {[%clk 0:03:58]} 26. Nxh4 {[%clk 0:10:26]} Rxh3
{[%clk 0:03:45]} 27. Bxf6 {[%clk 0:09:20]} gxf6 {[%clk 0:04:04]} 28. Rxd7
{[%clk 0:09:44]} R3xh4 {[%clk 0:03:47]} 29. Qf2 {[%clk 0:08:31]} Rd4
{[%clk 0:00:44]} 30. R7xd4 {[%clk 0:08:37]} Rh6 {[%clk 0:00:34]} 31. Rd8+
{[%clk 0:08:55]} 1-0